000 01330nam a2200253 a 4500
001 001187124
003 AM-YeHGA
005 20250617162654.0
008 161104s1958 ru |||||r|||||000|0|rus|d
040 _aAM-YeHGA
041 0 _arus
245 0 0 _aПриродные лечебные ресурсы Пермской области /
_cПерм. обл. клинич. больница.
260 _aПермь :
_bБ. и.,
_c1958.
300 _a26 см ;
_c21 см.
505 0 _aСодерж.: Природные лечебные растительные ресурсы Пермской области / Доц. Д.М. Раппопорт. Бальнеологические ресурсы Пермской области / Проф. П.А. Ясницкий
650 1 4 _aМедицина
650 1 4 _aФармакология
650 1 4 _aЛекарственные вещества растительного происхождения
650 1 4 _aЛекарственные растения
653 0 _aЛекарственные растения, дикорастущие - Пермская область
653 0 _aМинеральные источники - Пермская область
710 2 _aПермская областная клиническая больница
090 _c497230
999 _c493842
_d493842